Online
Catalog

El hombre duplicado / (Record no. 11315)

MARC details
000 -CABECERA
campo de control de longitud fija 00970nam a2200289 a 4500
001 - NÚMERO DE CONTROL
campo de control 000011622
005 - FECHA Y HORA DE LA ÚLTIMA TRANSACCIÓN
campo de control 20250218125614.0
008 - DATOS DE LONGITUD FIJA--INFORMACIÓN GENERAL
campo de control de longitud fija 091021s2002 ck 000 f spa d
020 ## - NÚMERO INTERNACIONAL ESTÁNDAR DEL LIBRO
Número Internacional Estándar del Libro 958704049X
040 ## - FUENTE DE LA CATALOGACIÓN
Centro catalogador/agencia de origen DO-SdBNP
Lengua de catalogación spa
Centro/agencia transcriptor BNPHU
041 17 - CÓDIGO DE LENGUA
Código de lengua del texto/banda sonora o título independiente spa
Código de lengua original por
Fuente del código Código de idioma MARC
082 ## - NÚMERO DE LA CLASIFICACIÓN DECIMAL DEWEY
Número de clasificación B869.34
Número de documento/Ítem S243ho
049 ## - FONDOS LOCALES (OCLC)
Fondos de biblioteca BNGR
100 1# - ENTRADA PRINCIPAL--NOMBRE DE PERSONA
Nombre de persona Saramago, José,
Fechas asociadas al nombre 1922-2010
9 (RLIN) 12950
240 12 - TÍTULO UNIFORME
Título uniforme O homem duplicado.
Lenguaje de la obra Español
245 13 - MENCIÓN DE TÍTULO
Título El hombre duplicado /
Mención de responsabilidad, etc. José Saramago ; traducción de Pilar del Río.
260 ## - PUBLICACIÓN, DISTRIBUCIÓN, ETC.
Lugar de publicación, distribución, etc. Bogotá, Colombia :
Nombre del editor, distribuidor, etc. Alfaguara,
Fecha de publicación, distribución, etc. 2002.
300 ## - DESCRIPCIÓN FÍSICA
Extensión 407 p. ;
Dimensiones 22 cm.
490 1# - MENCIÓN DE SERIE
Mención de serie Biblioteca
500 ## - NOTA GENERAL
Nota general Incluye datos biográficos del autor en la solapa de la contracubierta
534 ## - NOTA SOBRE LA VERSIÓN ORIGINAL
Frase introductoria Título original en Portugés:
Mención de título del original O homem duplicado
650 #4 - PUNTO DE ACCESO ADICIONAL DE MATERIA--TÉRMINO DE MATERIA
Término de materia o nombre geográfico como elemento de entrada Novela portuguesa
9 (RLIN) 12951
650 #4 - PUNTO DE ACCESO ADICIONAL DE MATERIA--TÉRMINO DE MATERIA
Término de materia o nombre geográfico como elemento de entrada Literatura portuguesa
Subdivisión cronológica SIGLO XXI
9 (RLIN) 27506
700 1# - PUNTO DE ACCESO ADICIONAL--NOMBRE DE PERSONA
Nombre de persona Río, Pilar del,
Término indicativo de función/relación tr.
9 (RLIN) 27507
830 #0 - PUNTO DE ACCESO ADICIONAL DE SERIE-TÍTULO UNIFORME
Título uniforme Biblioteca
9 (RLIN) 1648
910 ## - DATOS DE OPCIÓN DEL USUARIO (OCLC)
Datos de opción del usuario WM
Holdings
Estado de retiro Estado de pérdida Restricciones de uso No para préstamo Código de colección Localización permanente Ubicación/localización actual Ubicación en estantería Fecha de adquisición Número de inventario Total de préstamos Signatura topográfica completa Código de barras Fecha visto por última vez Precio válido a partir de Tipo de ítem Koha
    Préstamo interno   Monografías: Libros y Folletos General General Depósito 21.10.2009 LF1   B869.34 S243ho 11622-10 25.06.2020 25.06.2020 Préstamo interno

Powered by Koha